| 000 | 01144cad a22002535a 4500 | ||
|---|---|---|---|
| 001 | E148415 | ||
| 008 | 090915s2009 xxk f lf000 0 eng d | ||
| 035 | _a(Sirsi) u148415 | ||
| 041 | 0 | _aeng | |
| 050 | 0 | 4 | _a711.1 $2 18 |
| 110 | 2 |
_aUnited Kingdom _kLaws, etc. _95044 |
|
| 245 | 0 | 4 |
_aThe Infrastructure Planning (Environmental Impact Assessment) Regulations 2009 _h[electronic resource] |
| 260 |
_aLondon _bOPSI _c2009 |
||
| 490 | 0 |
_aSI _v2009: 2263 |
|
| 520 | _aThese Regulations set out procedural requirements, especially with regard to the carrying out of environmental impact assessments, in relation to applications for development consent for nationally significant infrastructure projects. Comes into force 1 October 2009. | ||
| 521 | _aAdvanced | ||
| 590 | _aKA | ||
| 650 | 2 | 4 | _aINFRASTRUCTURE PLANNING (ENVIRONMENTAL IMPACT ASSESSMENT) REGULATIONS 2009 |
| 650 | 2 | 4 | _aPLANNING ACT 2008 |
| 651 | 4 |
_aUnited Kingdom _y |
|
| 690 | _aENVIRONMENTAL AND LAND CONSULTANCY-PLANNING AND DEVELOPMENT | ||
| 856 | 4 | 0 |
_uhttps://www.opsi.gov.uk/si/si2009/uksi_20092263_en_1 _zView the item free of charge at www.opsi.gov.uk... |
| 942 | _n0 | ||
| 999 |
_c110040 _d110040 |
||